Sócrates et les petits socratiques

Gespeichert in:
Bibliographische Detailangaben
1. Verfasser: Humbert, Jean (VerfasserIn)
Format: Buch
Sprache:Französisch
Veröffentlicht: París Presses Universitaires de Fance 1967
Schriftenreihe:Les grands penseurs
Schlagworte:
Tags: Tag hinzufügen
Keine Tags, Fügen Sie den ersten Tag hinzu!

MARC

LEADER 00000nam a2200000 a 4500
001 UCY5879
003 CL-VaPUC
008 950512e19670000FR |||||||||||||||||fre|d
082 0 4 |a 183.2  |b HUM  |2 21 
100 |a Humbert, Jean  |e author  |9 335276 
245 1 0 |a Sócrates et les petits socratiques 
300 |a 293 p 
942 |c BK 
945 |d 19950512 00:00:00  |a oaravena 
260 |a París  |b Presses Universitaires de Fance  |c 1967 
600 0 |a Sócrates  |9 266368 
600 0 7 |a EUCLIDES  |2 CL-VaPUC  |9 335277 
650 0 |a Filosofía antigua   |9 255705 
650 0 |a Filosofía   |9 223554 
650 0 |a Ética  |9 255099 
650 0 |a Filosofía del espíritu  |9 320175 
650 0 |a Teología   |9 258766 
650 0 |a Valores sociales  |9 309627 
650 7 |a SOCRATICOS  |2 CL-VaPUC  |9 335278 
651 0 |a Grecia  |9 265314 
583 |a last modification  |c 19950512 00:00:00  |k Rodrigo Vera 
490 0 |a Les grands penseurs 
999 |c 233485  |d 233483 
952 |0 0  |1 0  |4 0  |6 183_200000000000000_HUM_1967  |7 0  |8 P  |9 239049  |a BIBEDU  |b BIBEDU  |c BIBEDU_PB  |d 2019-11-18  |i 1501577  |o 183.2 HUM 1967  |p 1501577  |r 2024-01-25  |w 2019-11-18  |y BK  |k FIL